Malaysia

Bibliographic Details
Main Author: Heidi Munan
Other Authors: Foo, Yuk Yee, Lek, Hui Hui
Format: Book
Published: Selangor : Times Books International , 2001
Subjects:

MARC

LEADER 00000cam a2200000 7i4500
001 0000015293
005 20090330.0
008 080321
020 |a 981232187X 
090 0 0 |a 959.5   |b HEI 
100 0 |a Heidi Munan 
245 1 0 |a Malaysia   |c by Heidi Munan, Foo Yuk Yee ;[editors, Lek Hui Hui... [et al.] 
260 |a Selangor :   |b Times Books International ,   |c 2001 
650 0 |a Malaysia   |x Social conditions 
650 0 |a Malaysia   |x Social life customs 
700 0 |a Foo, Yuk Yee 
700 0 |a Lek, Hui Hui 
999 |a 0001017292   |b Book   |c Adult Collection   |e Perbadanan Perpustakaan Awam Johor